Lataa...
Society. An introductory analgons. /
| Päätekijä: | |
|---|---|
| Muut tekijät: | |
| Kieli: | Undetermined |
| Julkaistu: |
New Delhi :
Macmillan India Limited. ,
1998.
|
| LEADER | 00494nam a2200145Ia 4500 | ||
|---|---|---|---|
| 001 | 110793 | ||
| 008 | 170722s9999 xx 000 0 und d | ||
| 020 | |a 0333916166 | ||
| 100 | |a Maciver, Rm | ||
| 245 | |a Society. |b An introductory analgons. / | ||
| 260 | |a New Delhi : |b Macmillan India Limited. , |c 1998. | ||
| 700 | |a Page , Charles H. | ||
| 942 | |c GEN | ||
| 999 | |c 119248 |d 119248 | ||
| 952 | |0 0 |1 0 |4 0 |6 Y_J0J07L41 |7 0 |8 LC1 |9 168712 |a LIB |b LIB |d 2017-08-12 |h LC1 |o Y J0-J0;7,L41 |p 234351 |r 2017-08-12 |v 216.00 |w 2017-08-12 |y GEN | ||